Дело о приглашении электротехника А.А. Спицина для исполнения обязанностей консультанта по электротехнической части при Московск...

Доступно только в Электронных читальных залах Найти на картеНа карте
RUSMARC
00003783nmc2a22002413x 450
001c8457576-a69b-4353-ad48-d2ac2549945b
00520221019072044.0
100##$a20220414l19111911k l0rusy0189 ca
1010#$arus
102##$aRU
105##$ay###
1222#$ad
2001#$aДело о приглашении электротехника А.А. Спицина для исполнения обязанностей консультанта по электротехнической части при Московской конторе императорских театров
$j10 февраля - 22 августа 1911 г.
215##$a17 л.
$d36,5х26 см
251##$cДело
300##$aПо Московской конторе Дирекции императорских театров
371##$aДокумент не является опубликованным и широко распространяемым
461#0$10019264ebf8-de62-4f1a-9eb4-9f22098dbbd5
$12001
$aДирекция императорских театров Министерства императорского двора
$1251
$cФонд
$1852
$j497
462#0$1001ff15f5e8-b5fa-4fe1-bbcd-275cd0305ec2
$12001
$aДела Санкт-Петербургской конторы Дирекции императорских театров и дела Московской конторы Дирекции императорских театров
$1251
$cОпись
$1852
$j10
801#0$aRU
$bРГИА
$c20220414
$gRCR
801#1$aRU
$bГлавНИВЦ
$c20220414
$2rusmarc
801#2$aRU
$bПБ им. Б.Н. Ельцина
$c20221019
$gRCR
$2rusmarc
850##$aРГИА
852##$aРГИА
$eФедеральное казенное учреждение "Российский государственный исторический архив" (РГИА)
$j1810
937##$hРГИА
$d12368656
$aASBIBLIO_SCAN
035##$aRusGRCC00046140
856##$uhttp://readingroom.main.prlib.ru/item.aspx?id_node=n180231017&mode=full
Формат отображения